00550nam a2200181Ia 4500003000500000008004100005020002200046040001900068082000700087100004700094245006500141246003400206260004800240300001000288365000800298440005000306546001200356STCL230729s9999 xx 000 0 und d a9788180691263qHB aSTCLcSTCLbEN 222 aNatraj, V K; Misra, Kamlesh; Kapoor, Neeru 0aGandhian alternative volume 4: economics where people matter aEconomics where people matter bConcept Publishing CompanyaNew Delhic2005 a345 p b700 aGandhian studies and peace research series 26 aEnglish